000 005460000a22001690004500
003 MACL
005 20160420144338.0
008 160420b xxu||||| |||| 00| 0 eng d
040 _aMACL
_cMACL
041 _aHindi
082 _a294
100 _aनरेन्‍द्रदेव आचार्य
_937841
245 _aबौद्धधर्म-दर्शन
260 _bमोतीलाल बनारसीदास पब्लिशर्स
_c1994
_aनई दिल्‍ली
350 _a300
942 _cHIN
_k294
_2ddc
999 _c19949
_d19949